| 000 | 00378nam a2200121 4500 | ||
|---|---|---|---|
| 999 |
_c13680 _d13680 |
||
| 008 | 190401b ||||| |||| 00| 0 eng d | ||
| 100 |
_938059 _aYap, Tara |
||
| 245 |
_aReplanting of trees affected by Iloilo dam project pushed/ _cTara Yap |
||
| 260 |
_aPhilippines: _bManila Bulletin; _cc2018. |
||
| 300 | _apage 10. | ||
| 650 | 0 |
_938060 _aEnvironmental movement. |
|
| 942 |
_2ddc _cPER |
||